Normal view
MARC view
- الخفاف، عبدعلي/م مشارك ثعبان كاظم خضير
Entry Personal Name
001 - CONTROL NUMBER
- control field: 30286
003 - CONTROL NUMBER IDENTIFIER
- control field: JO-AjAnu
005 - DATE AND TIME OF LATEST TRANSACTION
- control field: 20230606075118.0
008 - FIXED-LENGTH DATA ELEMENTS
- fixed length control field: 230606|| aca||aabn | a|a d
040 ## - CATALOGING SOURCE
- Original cataloging agency: JO-AjAnu
- Transcribing agency: JO-AjAnu
100 ## - HEADING--PERSONAL NAME
- Personal name: الخفاف، عبدعلي/م مشارك ثعبان كاظم خضير
670 ## - SOURCE DATA FOUND
- Source citation: Work cat.: (JO-AjAnu)15556: الخفاف، عبدعلي/م مشارك ثعبان كاظم خضير , author, الطاقة وتلوث البيئة